000 00742nam a2200241Ia 4500
003 OSt
005 20260302153033.0
008 241129s9999||||xx |||||||||||||| ||und||
020 _a9780199464821
037 _cGeneral Book
040 _aRTL
_beng
_cRTL
041 _aeng
_2eng
084 _aY:4582 Q6
_qRTL
245 0 _aViolence studies
260 _aNew Delhi
_bOxford University Press
_c2016
300 _avii, 396 p.
_bIncludes bibliographical references and index
365 _aINR
_b595
490 _aOxford India studies in contemporary society
650 _aInterdisciplinary Approaches to Violence
_9725900
700 _aKannabiran Kalpana
_eEditor
942 _cGB
_hY:4582 Q6
_2CC
999 _c1225489
_d1225489